000 00680nam a22002057a 4500
999 _c16053
_d16053
003 AR-CdUCM
008 190430b ||||| |||| 00| 0 spa d
040 _aMUNICIPALIDAD PROVINCIAL DEL CUSCO
_cBIBLIOTECA MUNICIPAL DEL CUSCO
082 _a869.50 /
_bR76
100 _aRomualdo, Alejandro
_917577
245 _aPoesía popular de la costa, sierra y selva del Perú :
_bDesde el Tawantinsuyo hasta nuestros días /
260 _aLima :
_bEditec,
_c1992.
300 _a173 paginas ;
_c21 cm.
505 _aContenido :Poesías /
650 _aLiteratura peruana
_9169
650 _aPoesía
_9139
650 _aSigloXX
_92896
942 _2ddc
_cLIBROS
945 _arjall
_d2019-04-30